| 000 | 00390nam a2200157Ia 4500 | ||
|---|---|---|---|
| 008 | 230917s9999||||xx |||||||||||||| ||und|| | ||
| 040 |
_e116622 _aMAIN |
||
| 041 | _aEnglish | ||
| 082 | _a005.133 K13L(15) | ||
| 100 | _aKanetkar, Yashavant | ||
| 245 | 0 | _aLet us C solutions | |
| 250 | _a15th ed. | ||
| 260 |
_aNew Delhi _bBPB Publications _c2017 |
||
| 300 | _aviii, 477 p. | ||
| 942 | _cBK | ||
| 999 |
_c140184 _d140184 |
||